| 000 | 00414nam a2200145Ia 4500 | ||
|---|---|---|---|
| 008 | 231129s2015||||xx |||||||||||||| ||spa|| | ||
| 020 | _a978-958-46-6118-0 | ||
| 040 | _bspa | ||
| 082 | _a334.0986132 A662c | ||
| 100 | _aArango Gaviria Jairo | ||
| 245 | 0 | _aCOOMPER: 52 años de cooperativismo | |
| 260 | _c2015 | ||
| 264 | _aPereira Colombia : Gráficas Buda | ||
| 942 |
_2ddc _cBKS |
||
| 999 |
_c8107 _d8107 |
||